| Поле | Инд. | ПП | Название | Значение |
|---|---|---|---|---|
| Тип записи | a | |||
| Библиографический уровень | a | |||
| 001 | Контрольный номер | RU/IS/BASE/264552134 | ||
| 005 | Дата корректировки | 20240118095359.3 | ||
| 008 | Кодируемые данные | 19981104 | ||
| 040 | 00 | e | Правила каталог. | Т 981104 |
| 084 | a | Индекс другой классификации/Индекс ББК | 63.3(0)310-7; 85.03(0)3 | |
| 090 | 00 | a | Полочн. индекс | 63.3(0)3я43 |
| x | Авторский знак | В 387 | ||
| 100 | 10 | a | Автор | Авдиев В. И. |
| 245 | 00 | a | Заглавие | Религиозное оправдание войны в древнеегипетском искусстве |
| b | Продолж. заглавия | (Сцены триумфа) | ||
| 650 | 04 | a | Основная рубрика | искусство |
| a | Основная рубрика | история | ||
| a | Основная рубрика | история искусства | ||
| 653 | 00 | a | Ключевые слова | войны |
| a | Ключевые слова | Древнее царство | ||
| a | Ключевые слова | Древний Египет | ||
| a | Ключевые слова | древний мир | ||
| a | Ключевые слова | идеология | ||
| a | Ключевые слова | иероглифическая схематизация | ||
| a | Ключевые слова | исследования | ||
| a | Ключевые слова | исторические источники | ||
| a | Ключевые слова | культура | ||
| a | Ключевые слова | культы | ||
| a | Ключевые слова | монументальность | ||
| a | Ключевые слова | Новое царство | ||
| a | Ключевые слова | орнаментальность | ||
| a | Ключевые слова | памятники искусства | ||
| a | Ключевые слова | правители | ||
| a | Ключевые слова | произведения искусства | ||
| a | Ключевые слова | религиозные тексты | ||
| a | Ключевые слова | религия | ||
| a | Ключевые слова | Среднее царство | ||
| a | Ключевые слова | сцены триумфа | ||
| a | Ключевые слова | сюжеты | ||
| a | Ключевые слова | эмблематика | ||
| 773 | 00 | d | Дата издания источника | Москва, 1939 |
| g | Прочая информация | Т.3(8), 4(9). - С. 103-117 | ||
| t | Заглавие источника | Вестник древней истории | ||
| w | Контрольный № источника | RU/IS/BASE/101818640 | ||
| 901 | t | Тип документа | a |